000 00681nam a2200217Ia 4500
005 20241129111154.0
008 241129s9999||||xx |||||||||||||| ||und||
020 _a978-1-350-22999-0
037 _aTB
040 _aCRL
_beng
_cCRL
041 _aeng
_2eng
084 _aΔ2:30aQ4 R2
_qCRL
100 _aO'Brien - Kop Karen Au.
_9723518
245 0 _aRehtinking classical yoga and buddhism: meditation metaphors and materiality
_cO'Brien - Kop Karen Au.
260 _aLondon, UK
_bBloomsbury
_c2022
300 _axiii,262p.
365 _aUKP
_b90
650 _aSpirtual Experience and Mysticism
_9722944
942 _cTB
_hΔ2:30aQ4 R2
999 _c1229250
_d1229250